<?xml version="1.0" encoding="UTF-8"?>
<record
    xmlns:xsi="http://www.w3.org/2001/XMLSchema-instance"
    xsi:schemaLocation="http://www.loc.gov/MARC21/slim http://www.loc.gov/standards/marcxml/schema/MARC21slim.xsd"
    xmlns="http://www.loc.gov/MARC21/slim">

  <leader>02186nam a2200397 u 4500</leader>
  <controlfield tag="001">46538</controlfield>
  <controlfield tag="003">CO-MdUADB</controlfield>
  <controlfield tag="005">20260428104602.0</controlfield>
  <controlfield tag="008">960313m19832006                    spa  </controlfield>
  <datafield tag="020" ind1=" " ind2=" ">
    <subfield code="a">8474321379</subfield>
  </datafield>
  <datafield tag="020" ind1=" " ind2=" ">
    <subfield code="a">9688520071</subfield>
  </datafield>
  <datafield tag="020" ind1=" " ind2=" ">
    <subfield code="a">8474324513</subfield>
  </datafield>
  <datafield tag="020" ind1=" " ind2=" ">
    <subfield code="a">8474328969</subfield>
  </datafield>
  <datafield tag="035" ind1=" " ind2=" ">
    <subfield code="a">46538</subfield>
  </datafield>
  <datafield tag="035" ind1=" " ind2=" ">
    <subfield code="a">(OCoLC)778114657</subfield>
  </datafield>
  <datafield tag="040" ind1=" " ind2=" ">
    <subfield code="c">comduadb</subfield>
  </datafield>
  <datafield tag="041" ind1=" " ind2=" ">
    <subfield code="a">spa</subfield>
  </datafield>
  <datafield tag="080" ind1=" " ind2=" ">
    <subfield code="a">INV</subfield>
  </datafield>
  <datafield tag="080" ind1=" " ind2=" ">
    <subfield code="a">LB</subfield>
  </datafield>
  <datafield tag="082" ind1=" " ind2="4">
    <subfield code="a">001</subfield>
  </datafield>
  <datafield tag="100" ind1="1" ind2="0">
    <subfield code="a">Eco, Umberto,</subfield>
    <subfield code="d">1932-2016</subfield>
    <subfield code="4">aut</subfield>
    <subfield code="0">(isni)0000 0001 2283 9390</subfield>
    <subfield code="0">(viaf)108299403</subfield>
    <subfield code="e">aut</subfield>
    <subfield code="9">239552</subfield>
  </datafield>
  <datafield tag="245" ind1="1" ind2="0">
    <subfield code="a">C&#xF3;mo se hace una tesis :</subfield>
    <subfield code="b">t&#xE9;cnicas y procedimientos de estudio, investigaci&#xF3;n y escritura</subfield>
  </datafield>
  <datafield tag="260" ind1=" " ind2=" ">
    <subfield code="a">Barcelona :</subfield>
    <subfield code="b">Editorial Gedisa,</subfield>
    <subfield code="c">1983, 1991, 1996,  2001,2004, 2006.</subfield>
  </datafield>
  <datafield tag="300" ind1=" " ind2=" ">
    <subfield code="a">233 p&#xE1;ginas</subfield>
  </datafield>
  <datafield tag="490" ind1="0" ind2=" ">
    <subfield code="a">Biblioteca de Educaci&#xF3;n ;</subfield>
    <subfield code="v">7</subfield>
  </datafield>
  <datafield tag="500" ind1=" " ind2=" ">
    <subfield code="a">Isbn : 84-742-137-9(rustica).</subfield>
  </datafield>
  <datafield tag="500" ind1=" " ind2=" ">
    <subfield code="a">El ejm. de Robledo es una reimp. 2004.</subfield>
  </datafield>
  <datafield tag="500" ind1=" " ind2=" ">
    <subfield code="a">El ejemplar de la biblioteca de Santa fe de Antioquia, es reimp. del 2006.</subfield>
  </datafield>
  <datafield tag="505" ind1=" " ind2=" ">
    <subfield code="a">CONTENIDO: 1. Que es una tesis doctoral y para que sirve -- 2. La elecci&#xF3;n del tema -- 3. La b&#xFA;squeda del material -- 4. El Plan de trabajo y las fichas -- 5. La redacci&#xF3;n -- 6. La redacci&#xF3;n definitiva -- 7. Conclusiones.</subfield>
  </datafield>
  <datafield tag="520" ind1="3" ind2=" ">
    <subfield code="a">RESUMEN: Ante la actual situaci&#xF3;n de masificaci&#xF3;n de nuestras universidades, Umberto Eco destina este libro sobre todo a los estudiantes con pocos recursos y apoyos, a los que viven lejos de los grandes centros urbanos con sus facilidades institucionales y a los que nadie les ha explicado c&#xF3;mo se busca un libro o un documento en bibliotecas y archivos. Los consejos de este libro se dirigen en primer lugar a los estudiantes de disciplinas human&#xED;sticas, incluyendo ciencias pol&#xED;ticas y derecho. El prop&#xF3;sito es ense&#xF1;ar c&#xF3;mo escoger un tema, organizar el tiempo, llevar a cabo una b&#xFA;squeda bibliogr&#xE1;fica y estructurar el trabajo elaborado.</subfield>
  </datafield>
  <datafield tag="650" ind1=" " ind2=" ">
    <subfield code="a">Elaboraci&#xF3;n de tesis</subfield>
    <subfield code="9">25467</subfield>
  </datafield>
  <datafield tag="650" ind1=" " ind2="7">
    <subfield code="a">Tesis y disertaciones acad&#xE9;micas</subfield>
    <subfield code="2">lemb</subfield>
    <subfield code="9">20139</subfield>
  </datafield>
  <datafield tag="650" ind1=" " ind2="7">
    <subfield code="a">Redacci&#xF3;n de escritos t&#xE9;cnicos</subfield>
    <subfield code="2">lemb</subfield>
    <subfield code="9">7764</subfield>
  </datafield>
  <datafield tag="650" ind1=" " ind2="7">
    <subfield code="a">Investigaci&#xF3;n cient&#xED;fica</subfield>
    <subfield code="x">Metodolog&#xED;a</subfield>
    <subfield code="2">armarc</subfield>
    <subfield code="9">164214</subfield>
  </datafield>
  <datafield tag="942" ind1=" " ind2=" ">
    <subfield code="c">BOOK</subfield>
    <subfield code="2">ddc</subfield>
  </datafield>
  <datafield tag="999" ind1=" " ind2=" ">
    <subfield code="c">9840</subfield>
    <subfield code="d">9840</subfield>
  </datafield>
  <datafield tag="952" ind1=" " ind2=" ">
    <subfield code="0">0</subfield>
    <subfield code="1">0</subfield>
    <subfield code="4">0</subfield>
    <subfield code="7">0</subfield>
    <subfield code="8">GENERAL</subfield>
    <subfield code="a">CIE</subfield>
    <subfield code="b">CIE</subfield>
    <subfield code="d">2005-09-23</subfield>
    <subfield code="i">C882621</subfield>
    <subfield code="l">1</subfield>
    <subfield code="o">INV/34566</subfield>
    <subfield code="p">61000004512272</subfield>
    <subfield code="r">2025-05-18 18:57:44</subfield>
    <subfield code="s">2024-08-09</subfield>
    <subfield code="t">1</subfield>
    <subfield code="w">2023-04-20</subfield>
    <subfield code="y">BOOK</subfield>
  </datafield>
  <datafield tag="952" ind1=" " ind2=" ">
    <subfield code="0">0</subfield>
    <subfield code="1">0</subfield>
    <subfield code="4">0</subfield>
    <subfield code="7">0</subfield>
    <subfield code="8">GENERAL</subfield>
    <subfield code="a">CEDEA</subfield>
    <subfield code="b">BC</subfield>
    <subfield code="d">2006-08-04</subfield>
    <subfield code="i">C914941</subfield>
    <subfield code="l">4</subfield>
    <subfield code="o">LB2369/E26</subfield>
    <subfield code="p">0608480</subfield>
    <subfield code="r">2024-09-06 00:00:00</subfield>
    <subfield code="s">2024-05-15</subfield>
    <subfield code="t">2</subfield>
    <subfield code="w">2023-04-20</subfield>
    <subfield code="y">BOOK</subfield>
  </datafield>
  <datafield tag="952" ind1=" " ind2=" ">
    <subfield code="0">0</subfield>
    <subfield code="1">0</subfield>
    <subfield code="4">0</subfield>
    <subfield code="7">0</subfield>
    <subfield code="8">GENERAL</subfield>
    <subfield code="a">BSONS</subfield>
    <subfield code="b">BSONS</subfield>
    <subfield code="d">2011-11-29</subfield>
    <subfield code="e">Temis</subfield>
    <subfield code="g">49000.00</subfield>
    <subfield code="i">C1132060</subfield>
    <subfield code="l">1</subfield>
    <subfield code="m">1</subfield>
    <subfield code="o">001.42 E19c</subfield>
    <subfield code="p">804804</subfield>
    <subfield code="r">2025-03-12 12:42:49</subfield>
    <subfield code="s">2024-05-30</subfield>
    <subfield code="t">3</subfield>
    <subfield code="w">2023-04-20</subfield>
    <subfield code="y">BOOK</subfield>
  </datafield>
  <datafield tag="952" ind1=" " ind2=" ">
    <subfield code="0">0</subfield>
    <subfield code="1">0</subfield>
    <subfield code="4">0</subfield>
    <subfield code="7">0</subfield>
    <subfield code="8">GENERAL</subfield>
    <subfield code="a">BOCCI</subfield>
    <subfield code="b">BOCCI</subfield>
    <subfield code="d">2010-07-26</subfield>
    <subfield code="e">CIS (Corporacion Interuniversitaria de Servicios)</subfield>
    <subfield code="g">41650.00</subfield>
    <subfield code="i">C1092814</subfield>
    <subfield code="l">0</subfield>
    <subfield code="o">001.42 E19c</subfield>
    <subfield code="p">0749386</subfield>
    <subfield code="r">2023-04-20 00:00:00</subfield>
    <subfield code="t">4</subfield>
    <subfield code="w">2023-04-20</subfield>
    <subfield code="y">BOOK</subfield>
  </datafield>
  <datafield tag="952" ind1=" " ind2=" ">
    <subfield code="0">0</subfield>
    <subfield code="1">0</subfield>
    <subfield code="2">ddc</subfield>
    <subfield code="4">0</subfield>
    <subfield code="7">0</subfield>
    <subfield code="8">GEN</subfield>
    <subfield code="a">BC</subfield>
    <subfield code="b">BC</subfield>
    <subfield code="d">1999-02-11</subfield>
    <subfield code="i">C77736</subfield>
    <subfield code="l">3</subfield>
    <subfield code="o">001.42 E19c e3</subfield>
    <subfield code="p">61000000880589</subfield>
    <subfield code="r">2024-09-11 00:00:00</subfield>
    <subfield code="s">2024-09-03</subfield>
    <subfield code="t">5</subfield>
    <subfield code="w">2023-04-20</subfield>
    <subfield code="y">BOOK</subfield>
  </datafield>
  <datafield tag="952" ind1=" " ind2=" ">
    <subfield code="0">0</subfield>
    <subfield code="1">0</subfield>
    <subfield code="4">0</subfield>
    <subfield code="7">0</subfield>
    <subfield code="8">GEN</subfield>
    <subfield code="a">BC</subfield>
    <subfield code="b">BC</subfield>
    <subfield code="d">1999-07-09</subfield>
    <subfield code="e">Otros proveedores</subfield>
    <subfield code="g">10000.00</subfield>
    <subfield code="i">C153977</subfield>
    <subfield code="l">2</subfield>
    <subfield code="m">1</subfield>
    <subfield code="o">001.42 E19c e5</subfield>
    <subfield code="p">61000003566847</subfield>
    <subfield code="r">2024-09-22 00:00:00</subfield>
    <subfield code="s">2024-07-18</subfield>
    <subfield code="t">6</subfield>
    <subfield code="w">2023-04-20</subfield>
    <subfield code="y">BOOK</subfield>
  </datafield>
  <datafield tag="952" ind1=" " ind2=" ">
    <subfield code="0">0</subfield>
    <subfield code="1">0</subfield>
    <subfield code="4">0</subfield>
    <subfield code="7">0</subfield>
    <subfield code="8">GEN</subfield>
    <subfield code="a">BC</subfield>
    <subfield code="b">BC</subfield>
    <subfield code="d">2001-06-20</subfield>
    <subfield code="e">Material adquirido por donaci&#xF3;n</subfield>
    <subfield code="i">C686111</subfield>
    <subfield code="l">0</subfield>
    <subfield code="o">001.42 E19c e8</subfield>
    <subfield code="p">61000003561046</subfield>
    <subfield code="r">2023-04-20 00:00:00</subfield>
    <subfield code="t">8</subfield>
    <subfield code="w">2023-04-20</subfield>
    <subfield code="y">BOOK</subfield>
  </datafield>
  <datafield tag="952" ind1=" " ind2=" ">
    <subfield code="0">0</subfield>
    <subfield code="1">0</subfield>
    <subfield code="4">0</subfield>
    <subfield code="7">0</subfield>
    <subfield code="8">GEN</subfield>
    <subfield code="a">BC</subfield>
    <subfield code="b">BC</subfield>
    <subfield code="d">1998-11-20</subfield>
    <subfield code="i">C77734</subfield>
    <subfield code="l">1</subfield>
    <subfield code="o">001 ECO</subfield>
    <subfield code="p">61000001645767</subfield>
    <subfield code="r">2024-03-04 00:00:00</subfield>
    <subfield code="s">2024-02-07</subfield>
    <subfield code="t">9</subfield>
    <subfield code="w">2023-04-20</subfield>
    <subfield code="y">BOOK</subfield>
  </datafield>
  <datafield tag="952" ind1=" " ind2=" ">
    <subfield code="0">0</subfield>
    <subfield code="1">0</subfield>
    <subfield code="4">0</subfield>
    <subfield code="7">0</subfield>
    <subfield code="8">GEN</subfield>
    <subfield code="a">BC</subfield>
    <subfield code="b">BC</subfield>
    <subfield code="d">1996-10-04</subfield>
    <subfield code="i">C77735</subfield>
    <subfield code="l">6</subfield>
    <subfield code="m">2</subfield>
    <subfield code="o">001.42 E19c e2</subfield>
    <subfield code="p">0761404</subfield>
    <subfield code="r">2025-12-09 11:04:34</subfield>
    <subfield code="s">2025-08-19</subfield>
    <subfield code="t">10</subfield>
    <subfield code="w">2023-04-20</subfield>
    <subfield code="y">BOOK</subfield>
  </datafield>
  <datafield tag="952" ind1=" " ind2=" ">
    <subfield code="0">0</subfield>
    <subfield code="1">0</subfield>
    <subfield code="4">0</subfield>
    <subfield code="7">0</subfield>
    <subfield code="8">GEN</subfield>
    <subfield code="a">BC</subfield>
    <subfield code="b">BC</subfield>
    <subfield code="d">1999-05-03</subfield>
    <subfield code="e">Otros proveedores</subfield>
    <subfield code="g">10000.00</subfield>
    <subfield code="i">C153978</subfield>
    <subfield code="l">0</subfield>
    <subfield code="o">001.42 E19c e7</subfield>
    <subfield code="p">61000002100085</subfield>
    <subfield code="r">2025-11-01 09:30:27</subfield>
    <subfield code="t">11</subfield>
    <subfield code="w">2023-04-20</subfield>
    <subfield code="y">BOOK</subfield>
  </datafield>
  <datafield tag="952" ind1=" " ind2=" ">
    <subfield code="0">0</subfield>
    <subfield code="1">0</subfield>
    <subfield code="2">ddc</subfield>
    <subfield code="4">0</subfield>
    <subfield code="7">0</subfield>
    <subfield code="8">GEN</subfield>
    <subfield code="a">BC</subfield>
    <subfield code="b">BC</subfield>
    <subfield code="d">1996-08-22</subfield>
    <subfield code="e">Otros proveedores</subfield>
    <subfield code="g">10000.00</subfield>
    <subfield code="i">C153980</subfield>
    <subfield code="l">3</subfield>
    <subfield code="o">001.42 E19c e4</subfield>
    <subfield code="p">61000003745656</subfield>
    <subfield code="r">2024-09-09 00:00:00</subfield>
    <subfield code="s">2024-08-14</subfield>
    <subfield code="t">12</subfield>
    <subfield code="w">2023-04-20</subfield>
    <subfield code="y">BOOK</subfield>
  </datafield>
  <datafield tag="952" ind1=" " ind2=" ">
    <subfield code="0">0</subfield>
    <subfield code="1">0</subfield>
    <subfield code="4">0</subfield>
    <subfield code="7">0</subfield>
    <subfield code="8">GENERAL</subfield>
    <subfield code="a">BSP</subfield>
    <subfield code="b">BSP</subfield>
    <subfield code="d">2000-02-08</subfield>
    <subfield code="i">C621685</subfield>
    <subfield code="l">0</subfield>
    <subfield code="o">Q180 E2-82</subfield>
    <subfield code="p">61000002328553</subfield>
    <subfield code="r">2024-05-03 00:00:00</subfield>
    <subfield code="t">13</subfield>
    <subfield code="w">2023-04-20</subfield>
    <subfield code="y">BOOK</subfield>
  </datafield>
  <datafield tag="952" ind1=" " ind2=" ">
    <subfield code="0">0</subfield>
    <subfield code="1">0</subfield>
    <subfield code="4">0</subfield>
    <subfield code="7">0</subfield>
    <subfield code="8">SEMIACTIV2</subfield>
    <subfield code="a">BSP</subfield>
    <subfield code="b">BSP</subfield>
    <subfield code="d">2002-08-02</subfield>
    <subfield code="e">Cooprudea (Cooperativa de Profesores de la Universidad de Antioquia)</subfield>
    <subfield code="g">47200.00</subfield>
    <subfield code="i">C751551</subfield>
    <subfield code="l">0</subfield>
    <subfield code="o">Q180 E2-82 e2</subfield>
    <subfield code="p">61000002309652</subfield>
    <subfield code="r">2023-04-20 00:00:00</subfield>
    <subfield code="t">14</subfield>
    <subfield code="w">2023-04-20</subfield>
    <subfield code="y">BOOK</subfield>
  </datafield>
  <datafield tag="952" ind1=" " ind2=" ">
    <subfield code="0">0</subfield>
    <subfield code="1">0</subfield>
    <subfield code="4">0</subfield>
    <subfield code="7">0</subfield>
    <subfield code="8">GENERAL</subfield>
    <subfield code="a">B_N</subfield>
    <subfield code="b">B_N</subfield>
    <subfield code="d">2004-07-21</subfield>
    <subfield code="i">C831813</subfield>
    <subfield code="l">1</subfield>
    <subfield code="o">011.7 E17c</subfield>
    <subfield code="p">61000005042969</subfield>
    <subfield code="r">2025-02-11 12:01:24</subfield>
    <subfield code="s">2024-10-31</subfield>
    <subfield code="t">15</subfield>
    <subfield code="w">2023-04-20</subfield>
    <subfield code="y">BOOK</subfield>
  </datafield>
  <datafield tag="952" ind1=" " ind2=" ">
    <subfield code="0">0</subfield>
    <subfield code="1">0</subfield>
    <subfield code="4">0</subfield>
    <subfield code="7">0</subfield>
    <subfield code="8">SEMIACTIV2</subfield>
    <subfield code="a">SIMI</subfield>
    <subfield code="b">SIMI</subfield>
    <subfield code="d">2005-08-23</subfield>
    <subfield code="i">C878371</subfield>
    <subfield code="l">0</subfield>
    <subfield code="o">001.42 E/E19</subfield>
    <subfield code="p">61000004340271</subfield>
    <subfield code="r">2023-04-20 00:00:00</subfield>
    <subfield code="t">16</subfield>
    <subfield code="w">2023-04-20</subfield>
    <subfield code="y">BOOK</subfield>
  </datafield>
  <datafield tag="952" ind1=" " ind2=" ">
    <subfield code="0">0</subfield>
    <subfield code="1">0</subfield>
    <subfield code="4">0</subfield>
    <subfield code="7">0</subfield>
    <subfield code="8">GENERAL</subfield>
    <subfield code="a">BR</subfield>
    <subfield code="b">BR</subfield>
    <subfield code="d">2007-01-26</subfield>
    <subfield code="e">Cooprudea</subfield>
    <subfield code="g">47200.00</subfield>
    <subfield code="i">C936924</subfield>
    <subfield code="l">0</subfield>
    <subfield code="o">Q180 E2co</subfield>
    <subfield code="p">61000005189893</subfield>
    <subfield code="r">2023-04-20 00:00:00</subfield>
    <subfield code="t">17</subfield>
    <subfield code="w">2023-04-20</subfield>
    <subfield code="y">BOOK</subfield>
  </datafield>
  <datafield tag="952" ind1=" " ind2=" ">
    <subfield code="0">0</subfield>
    <subfield code="1">0</subfield>
    <subfield code="2">ddc</subfield>
    <subfield code="4">0</subfield>
    <subfield code="7">0</subfield>
    <subfield code="8">GENERAL</subfield>
    <subfield code="a">CARME</subfield>
    <subfield code="b">CARME</subfield>
    <subfield code="d">2009-04-24</subfield>
    <subfield code="e">CIS (Corporacion Interuniversitaria de Servicios)</subfield>
    <subfield code="f">COMP</subfield>
    <subfield code="g">59000.00</subfield>
    <subfield code="l">0</subfield>
    <subfield code="o">001.42 E19 e2</subfield>
    <subfield code="p">6-10000003088657</subfield>
    <subfield code="r">2023-04-20 00:00:00</subfield>
    <subfield code="w">2023-04-20</subfield>
    <subfield code="y">BOOK</subfield>
  </datafield>
  <datafield tag="952" ind1=" " ind2=" ">
    <subfield code="0">0</subfield>
    <subfield code="1">0</subfield>
    <subfield code="2">ddc</subfield>
    <subfield code="4">0</subfield>
    <subfield code="7">0</subfield>
    <subfield code="8">GENERAL</subfield>
    <subfield code="a">CARME</subfield>
    <subfield code="b">CARME</subfield>
    <subfield code="d">2009-04-25</subfield>
    <subfield code="e">CIS (Corporacion Interuniversitaria de Servicios)</subfield>
    <subfield code="f">COMP</subfield>
    <subfield code="g">59000.00</subfield>
    <subfield code="i">C1043587</subfield>
    <subfield code="l">1</subfield>
    <subfield code="m">1</subfield>
    <subfield code="o">001.42 E19</subfield>
    <subfield code="p">0557281</subfield>
    <subfield code="r">2024-11-22 00:00:00</subfield>
    <subfield code="s">2024-09-04</subfield>
    <subfield code="t">19</subfield>
    <subfield code="w">2023-04-20</subfield>
    <subfield code="y">BOOK</subfield>
  </datafield>
  <datafield tag="952" ind1=" " ind2=" ">
    <subfield code="0">0</subfield>
    <subfield code="1">0</subfield>
    <subfield code="4">0</subfield>
    <subfield code="7">0</subfield>
    <subfield code="8">GENERAL</subfield>
    <subfield code="a">BOCCI</subfield>
    <subfield code="b">BOCCI</subfield>
    <subfield code="d">2022-09-12</subfield>
    <subfield code="e">Material adquirido por donaci&#xF3;n</subfield>
    <subfield code="g">30000.00</subfield>
    <subfield code="i">C13326671</subfield>
    <subfield code="l">1</subfield>
    <subfield code="o">001.42 E19c e2</subfield>
    <subfield code="p">01093115</subfield>
    <subfield code="r">2024-03-18 00:00:00</subfield>
    <subfield code="s">2024-02-27</subfield>
    <subfield code="t">20</subfield>
    <subfield code="w">2023-04-20</subfield>
    <subfield code="y">BOOK</subfield>
  </datafield>
</record>
